Un epistolario inédito del reino de Felipe IV (Record no. 100065)

MARC details
000 -LEADER
campo de control de longitud fija 00845nam a2200217 i 4500
001 - NÚMERO DE CONTROL
campo de control 100065
003 - IDENTIFICADOR DE NÚMERO DE CONTROL
campo de control ES-MaACL
005 - FECHA Y HORA DE LA ÚLTIMA TRANSACCIÓN
campo de control 20250915063042.0
007 - CAMPO FIJO DE DESCRIPCIÓN FÍSICA--INFORMACIÓN GENERAL
campo de control de longitud fija t|
008 - DATOS DE LONGITUD FIJA--INFORMACIÓN GENERAL
campo de control de longitud fija 050921s1961 sp ||||1| spa d
100 1# - ENTRADA PRINCIPAL--NOMBRE DE PERSONA
Nombre de persona Martínez Val, José María,
Fechas asociadas al nombre 1916-
9 (RLIN) 78455
245 10 - MENCIÓN DEL TÍTULO
Título Un epistolario inédito del reino de Felipe IV
Resto del título : (Correspondencia del venerable Fray Tomás de la Virgen) /
Mención de responsabilidad, etc. Dr. José María Martínez Val, Margarita Peñalosa E. Infantes.
260 ## - PUBLICACIÓN, DISTRIBUCIÓN, ETC.
Lugar de publicación, distribución, etc. Ciudad Real :
Nombre del editor, distribuidor, etc. Instituto de Estudios Manchegos,
Fecha de publicación, distribución, etc. 1961.
300 ## - DESCRIPCIÓN FÍSICA
Extensión 140 p. ;
Dimensiones 24 cm.
700 1# - ENTRADA AGREGADA--NOMBRE PERSONAL
Nombre de persona Peñalosa Esteban-Infantes, Margarita.
9 (RLIN) 90302
700 1# - ENTRADA AGREGADA--NOMBRE PERSONAL
Nombre de persona Tomás de la Virgen
Títulos y otros términos asociados al nombre , (O.SS.T.)
9 (RLIN) 110516
710 2# - ENTRADA AGREGADA--NOMBRE DE ENTIDAD CORPORATIVA
Nombre de entidad corporativa o nombre de jurisdicción como elemento de entrada Instituto de Estudios Manchegos.
9 (RLIN) 4919
852 ## - LOCALIZACIÓN
Ubicación ES-MaACL
Número de control de estantería G-15381
Sublocalización o colección R.47516
852 ## - LOCALIZACIÓN
Ubicación ES-MaACL
Número de control de estantería C-22489
Sublocalización o colección R.50965
Holdings
Estatus retirado Estado de pérdida Estado de daño No para préstamo Biblioteca de origen Biblioteca actual Ubicación en estantería Fecha de adquisición Fuente de adquisición Total de préstamos Signatura topográfica completa Código de barras Visto por última vez Precio de reemplazo Tipo de ítem Koha
        Biblioteca del Ateneo de Madrid Biblioteca del Ateneo de Madrid Galería 17/01/2008     C-22489 1104485 23/02/2023 23/02/2023 Libro impreso
        Biblioteca del Ateneo de Madrid Biblioteca del Ateneo de Madrid Sala Pecera Planta 3 17/01/2008     G-15381 1104484 23/02/2023 23/02/2023 Libro impreso